Pohyb obyvatelstva v Československé socialistické republice v roce 1986

Guardado en:
Detalles Bibliográficos
Formato: Libro
Lenguaje:checo
Publicado: Praha Federální statistický úřad 1988
Etiquetas: Agregar Etiqueta
Sin Etiquetas, Sea el primero en etiquetar este registro!

MARC

LEADER 00000nam a2200000 4500
001 c035677
005 20250610095000.9
041 0 |a cze 
044 |a CZ 
245 1 0 |a Pohyb obyvatelstva v Československé socialistické republice v roce 1986 
264 1 |a Praha  |b Federální statistický úřad  |c 1988 
300 |a 2 časti